Food that Starts with F - Statistics

General Stats
  • This quiz has been taken 95 times
  • The average score is 6 of 16
Answer Stats
Picture Answer % Correct
French Fries
96%
Fruit Salad
89%
Fortune Cookie
77%
Fig
72%
Fondue
53%
French Toast
47%
Funnel Cake
35%
Fried Potatos
30%
Fajitas
24%
Fettuccine Alfredo
22%
Flax Seeds
20%
Fruit Candy
13%
Frisee Lettuce
8%
Field Peas
6%
French Onion Soup
4%
Freekeh
1%
No matching quizzes found
Score Distribution
Percent of People with Each Score
Percentile by Number Answered
Your Score History
You have not taken this quiz